Detalles MARC
| 000 -LIDER |
| fixed length control field |
01668nam a2200337 a 4500 |
| 001 - NÚMERO DE CONTROL |
| Identificador de número de control |
00152 |
| 003 - IDENTIFICACDOR DE NÚMERO DE CONTROL |
| control field |
DO-SdBNP |
| 005 - DATE AND TIME OF LATEST TRANSACTION |
| control field |
20180314094915.0 |
| 007 - CAMPOS FIJOS DE DESCRIPCIÓN FÍSICA |
| fixed length control field |
00152 |
| 008 - ELEMENTOS DE LONGITUD FIJA |
| fixed length control field |
150130s2011 dr 2011 000 0 spa d |
| 020 ## - ISBN |
| International Standard Book Number |
9789945173529 |
| 040 ## - FUENTE DE CATALOGACIÓN |
| Agencia que crea de manera original el registro |
BPMSU |
| Idioma de catalogación |
spa |
| Agencia que realiza la transcripción |
BPMSU |
| 092 ## - LOCALLY ASSIGNED DEWEY DECIMAL CALL NUMBER |
| Número de clasificación |
373.7 |
| Número de ítem (Cutter) |
M425d 2do. 2011 |
| 245 00 - MENCIÓN DE TITULO |
| Título |
Matemática 2 : |
| Subtítulo |
nivel medio / |
| 260 ## - PUBLICACIÓN, DISTRIBUCIÓN, ETC. (PIE DE IMPRENTA) |
| Lugar de publicación, distribución, etc |
Santo Domingo : |
| Nombre del editor, distribuidor, etc. |
SM, |
| Fecha de publicación, distribución, etc |
2011. |
| 300 ## - DESCRIPCIÓN FÍSICA |
| Extensión |
328 p. : |
| Otros detalles físicos |
il., retrs. ; |
| Dimensiones |
29 cm. |
| 490 1# - MENCIÓN DE SERIES |
| Mención de serie |
Educación en valores |
| 505 1# - NOTA DE CONTENIDO |
| Título |
Unidad 1 : Ecuaciones cuadráticas. Funciones de segundo grado -- |
| -- |
Unidad 2 : Expresiones algebraicas irracionales -- |
| -- |
Unidad 3 : Sistemas de ecuaciones lineales con dos variables -- |
| -- |
Unidad 4 : Inecuaciones. Sistemas de inecuaciones lineales con dos variables -- |
| -- |
Unidad 5 : Métodos de demostración -- |
| -- |
Unidad 6 : Relación de congruencia. Triángulos y cuadriláteros -- |
| -- |
Unidad 7 : Semejanza. Rectas y puntos notables del triangulo -- |
| -- |
Unidad 8 : Transformaciones geométricas -- |
| -- |
Unidad 9 : Vectores -- |
| -- |
Unidad 10 : Matrices -- |
| -- |
Unidad 11: Determinantes -- |
| -- |
Unidad 12 : Probabilidad |
| 650 ## - ENCABEZAMIENTO DE MATERIA--TEMÁTICO |
| Término temático o nombre geográfico como elemento de entrada |
MATEMÁTICAS |
| Subdivisión temática general |
ENSEÑANZA SECUNDARIA |
| 650 #4 - ENCABEZAMIENTO DE MATERIA--TEMÁTICO |
| Término temático o nombre geográfico como elemento de entrada |
EDUCACIÓN SECUNDARIA |
| Subdivisión geográfica |
REPÚBLICA DOMINICANA |
| 650 #4 - ENCABEZAMIENTO DE MATERIA--TEMÁTICO |
| Término temático o nombre geográfico como elemento de entrada |
MATEMÁTICAS |
| Subdivisión temática general |
LIBROS DE TEXTOS |
| 650 #4 - ENCABEZAMIENTO DE MATERIA--TEMÁTICO |
| Término temático o nombre geográfico como elemento de entrada |
MATEMÁTICAS |
| Subdivisión temática general |
ESTUDIOS Y EJERCICIOS |
| 710 ## - ASIENTO SECUNDARIO -- NOMBRE CORPORATIVO |
| Término de relación |
Ediciones SM, (República Dominicana) |
| 830 #0 - ASIENTO SECUNDARIO DE SERIE--TÍTULO UNIFORME |
| Título uniforme |
Educación en valores |
| 910 ## - VALIDACIÓN |
| Validación |
Validado. Control de calidad MFF |
| 942 ## - ADDED ENTRY ELEMENTS (KOHA) |
| Source of classification or shelving scheme |
Dewey Decimal Classification |
| Koha item type |
Libros |
| 945 ## - INFORMACIÓN DE PROCESAMIENTO LOCAL |
| Información de procesamiento local |
Remanejado para la BNPHU, 2018 / BT |
| 956 ## - LOCAL ELECTRONIC LOCATION AND ACCESS (OCLC) |
| Nombre de host |
YLOCKWARD |
| Número de acceso |
10 |
| Información de compresión |
20150710 |
| Inicio de sesión |
BND01 |
| Procesador de solicitud |
1103 |
| 956 ## - LOCAL ELECTRONIC LOCATION AND ACCESS (OCLC) |
| Nombre de host |
VMATEO |
| Número de acceso |
10 |
| Información de compresión |
20150722 |
| Inicio de sesión |
BPMSU |
| Procesador de solicitud |
00151 |
| 956 ## - LOCAL ELECTRONIC LOCATION AND ACCESS (OCLC) |
| Nombre de host |
BTAVÁREZ |
| Número de acceso |
10 |
| Información de compresión |
20160406 |
| Inicio de sesión |
BPMSU |
| Procesador de solicitud |
152 |